Central Library OPAC University of Rajshahi

Red Man's America : (Record no. 28078)

MARC details
000 -LEADER
fixed length control field 00758nam a2200241 a 4500
001 - CONTROL NUMBER
control field 28078
003 - CONTROL NUMBER IDENTIFIER
rucl marc code BD-RJUL
005 - DATE AND TIME OF LATEST TRANSACTION
control field 20211209051233.0
008 - FIXED-LENGTH DATA ELEMENTS--GENERAL INFORMATION
fixed length control field 140329s1953 xxuab b 001 0 eng d
035 ## - SYSTEM CONTROL NUMBER
System control number (BD-RJUL)27159
040 ## - CATALOGING SOURCE
Original cataloging agency BD-RjUL
Language of cataloging eng
Transcribing agency BD-RjUL
041 ## - LANGUAGE CODE
Language code of text/sound track or separate title eng
082 ## - DEWEY DECIMAL CLASSIFICATION NUMBER
Classification number 970.1
Author mark and year UNR 1953
100 1# - MAIN ENTRY--PERSONAL NAME
Personal name Underhill, Ruth,
Dates associated with a name 1883-1984.
9 (RLIN) 86080
245 10 - TITLE STATEMENT
Title Red Man's America :
Remainder of title a history of Indians in the United States /
Statement of responsibility, etc. Ruth Murray Underhill ; Illustrations by Marianne Stoller
260 ## - PUBLICATION, DISTRIBUTION, ETC. (IMPRINT)
Place of publication, distribution, etc. Chicago :
Name of publisher, distributor, etc. University of Chicago Press,
Date of publication, distribution, etc. 1953
300 ## - PHYSICAL DESCRIPTION
Pagination x, 400 p :
Illustrations ill. ;
Size 25 cm
504 ## - BIBLIOGRAPHY, ETC. NOTE
Bibliography, etc Includes index
650 #0 - SUBJECT ADDED ENTRY--TOPICAL TERM
Topical term or geographic name as entry element Indians of North America
General subdivision History
9 (RLIN) 72445
942 ## - ADDED ENTRY ELEMENTS (KOHA)
Source of classification or shelving scheme Dewey Decimal Classification
Koha item type Books
Holdings
Lost status Source of classification or shelving scheme Damaged status Not for loan Collection code Permanent Location Current Location Shelving location Date acquired Source of acquisition Cost, normal purchase price Total Checkouts Full call number Date last seen Copy number Koha item type
  Dewey Decimal Classification   Added to bundle Non-fiction Central Library, University of Rajshahi Central Library, University of Rajshahi Reading Room 26/02/1958 U.S.I.S Dhaka 0.00   970.1 UNR 1953 29/03/2014 C-1 Books